01207nam a22001457a 4500008004100000020001800041050001600059100002000075245007000095250000800165260004000173300002100213500002000234505080700254150629b xxu||||| |||| 00| 0 eng d a9780230216716 aKD15554.M34 aMckendrick,Ewan aPalgrave Macmillan law masters: contract law. /cEwan Mckendrick. a8th aLondon:bPalgrave Macmillan,c2009. axl, 378p.c24cm. aIncludes index. aContents: Introduction -- The Formation and scope of contract: agreement: clearing the ground -- Offer and acceptance -- Certainly and agreement mistakes -- Consideration and form -- Intention to create legal relations -- Third party rights -- The Content of a contract -- The Content of a contract -- The Sources of contractual terms -- The Classification of contractual terms -- Exclusion clauses -- Policing the contract: a duty to disclose material facts? -- Misrepresentation -- Common mistake and frustration -- Illegality -- Capacity -- Duress,undue influence and inequality of bargaining -- power -- Performance,discharge and remedies for breach of contract: performance and discharge of the contract -- Breach of contract -- Damages for breach of contract -- Obtaining an adequate remedy.